<?xml version="1.0" encoding="UTF-8"?>
<record
    xmlns:xsi="http://www.w3.org/2001/XMLSchema-instance"
    xsi:schemaLocation="http://www.loc.gov/MARC21/slim http://www.loc.gov/standards/marcxml/schema/MARC21slim.xsd"
    xmlns="http://www.loc.gov/MARC21/slim">

  <leader>01340nam a22002297a 4500</leader>
  <controlfield tag="001"> </controlfield>
  <controlfield tag="003">OSt</controlfield>
  <controlfield tag="005">20260128141403.0</controlfield>
  <controlfield tag="007"> </controlfield>
  <controlfield tag="008">260123b        |||||||| |||| 00| 0 eng d</controlfield>
  <datafield tag="010" ind1=" " ind2=" ">
    <subfield code="a"> </subfield>
  </datafield>
  <datafield tag="020" ind1=" " ind2=" ">
    <subfield code="a">9789392019203</subfield>
  </datafield>
  <datafield tag="041" ind1=" " ind2=" ">
    <subfield code="a">Eng</subfield>
  </datafield>
  <datafield tag="082" ind1=" " ind2=" ">
    <subfield code="2">2nd </subfield>
    <subfield code="a">616.01</subfield>
  </datafield>
  <datafield tag="100" ind1=" " ind2=" ">
    <subfield code="a"> Khan Diwan Mahmood </subfield>
    <subfield code="9">216463</subfield>
  </datafield>
  <datafield tag="110" ind1=" " ind2=" ">
    <subfield code="4"> Ashraf Asam Ali</subfield>
  </datafield>
  <datafield tag="245" ind1=" " ind2=" ">
    <subfield code="a">Applied Microbiology (Infection Control Including Safety) (3rd Semester)</subfield>
  </datafield>
  <datafield tag="260" ind1=" " ind2=" ">
    <subfield code="a">Jaipur</subfield>
    <subfield code="b">Bookera</subfield>
  </datafield>
  <datafield tag="500" ind1=" " ind2=" ">
    <subfield code="a">Applied Microbiology is a book designed to teach students how to identify the ubiquity and diversity of microorganisms in the human body and the environment; how to classify and explain the morphology and growth of microbes; how to identify the various types of microorganisms; how to explore mechanisms by which microorganisms cause disease, etc... It also teaches them how to develop an understanding of how the human immune system counteracts infection by specific and non-specific mechanisms and how to apply the principles of preparation and use of vaccines in immunization. Along with information on identify the contribution of microbiologists and microbiology laboratories in the diagnosis of infections. They will also learn about antigen and antibody reactions and so on...</subfield>
  </datafield>
  <datafield tag="610" ind1=" " ind2=" ">
    <subfield code="a">Microbiology</subfield>
    <subfield code="9">211929</subfield>
  </datafield>
  <datafield tag="942" ind1=" " ind2=" ">
    <subfield code="2">ddc</subfield>
    <subfield code="c">DB</subfield>
  </datafield>
  <datafield tag="999" ind1=" " ind2=" ">
    <subfield code="c">370116</subfield>
    <subfield code="d">370116</subfield>
  </datafield>
  <datafield tag="952" ind1=" " ind2=" ">
    <subfield code="0">0</subfield>
    <subfield code="1">0</subfield>
    <subfield code="2">ddc</subfield>
    <subfield code="4">0</subfield>
    <subfield code="7">0</subfield>
    <subfield code="a">SNCN</subfield>
    <subfield code="b">SNCN</subfield>
    <subfield code="d">2026-02-21</subfield>
    <subfield code="e">DONATED BY Deepali Tayade</subfield>
    <subfield code="g">895.00</subfield>
    <subfield code="i">IK#2025-26#00919</subfield>
    <subfield code="l">0</subfield>
    <subfield code="o">616.01 KHA</subfield>
    <subfield code="p">SNCN-DB-367</subfield>
    <subfield code="r">2026-01-28 08:45:00</subfield>
    <subfield code="v">895.00</subfield>
    <subfield code="w">2026-01-29</subfield>
    <subfield code="y">DB</subfield>
  </datafield>
</record>
